Možnosti financovania nadobudnutia nehnuteľnosti na Slovensku bakalárska práca

Salvato in:
Dettagli Bibliografici
Autore principale: Kukan, Lukáš
Ente Autore: Národohospodárska fakulta EU. Katedra bankovníctva a medzinárodných financií
Altri autori: Šturc, Boris, 1961-
Natura: Libro
Lingua:slovacco
Pubblicazione: Bratislava 2014
Tags: Aggiungi Tag
Nessun Tag, puoi essere il primo ad aggiungerne!!

MARC

LEADER 00000nbm a2200000 4500
001 0189232
005 20170201085137.8
041 0 |a slo 
044 |a SK 
245 1 0 |a Možnosti financovania nadobudnutia nehnuteľnosti na Slovensku  |b bakalárska práca  |c Lukáš Kukan ; školiteľ: Boris Šturc 
264 1 |a Bratislava  |c 2014 
300 |a 55 s. 
100 1 |a Kukan, Lukáš 
700 1 |a Šturc, Boris, 1961- 
710 2 |a Národohospodárska fakulta EU. Katedra bankovníctva a medzinárodných financií